Catálogo público

Calculus (Record no. 63313)

MARC details
000 -CABECERA
campo de control de longitud fija 01614cam a22003977a 4500
003 - IDENTIFICADOR DEL NÚMERO DE CONTROL
campo de control CHAP
005 - FECHA Y HORA DE LA ÚLTIMA TRANSACCIÓN
campo de control 20220329141137.0
008 - DATOS DE LONGITUD FIJA--INFORMACIÓN GENERAL
campo de control de longitud fija 971010s1973 mx r 00010 esp d
010 ## - NÚMERO DE CONTROL DE LA BIBLIOTECA DEL CONGRESO
Número de control de LC 63313
011 ## - ENLACE DEL NUMERO DE CONTROL DE LA BIBLIOTECA DEL CONGRESO [OBSOLETO]
Número de control de LC 64285
035 ## - NÚMERO DE CONTROL DEL SISTEMA
Número de control de sistema 69566
040 ## - FUENTE DE LA CATALOGACIÓN
Centro/agencia transcriptor CHAP
082 14 - NÚMERO DE LA CLASIFICACIÓN DECIMAL DEWEY
Número de clasificación 517
Número de documento/Ítem A6Y 1973
100 00 - ENTRADA PRINCIPAL--NOMBRE DE PERSONA
Nombre de persona Apostol, Tom M.
9 (RLIN) 6334
245 10 - MENCIÓN DE TÍTULO
Título Calculus
250 ## - MENCIÓN DE EDICIÓN
Mención de edición 2 ed.
260 ## - PUBLICACIÓN, DISTRIBUCIÓN, ETC.
Lugar de publicación, distribución, etc. México, D.F. :
Nombre del editor, distribuidor, etc. Reverté,
Fecha de publicación, distribución, etc. 1973
300 ## - DESCRIPCIÓN FÍSICA
Extensión 2 v.
505 8# - NOTA DE CONTENIDO CON FORMATO
Nota de contenido con formato Contenido: v.1 Cálculo con funciones de una variable, con una introducción al álgebra lineal -- v.2 Cálculo con funciones de varias variables y álgebra lineal, con aplicaciones a las ecuaciones diferenciales y a las probabilidades
590 ## - NOTA LOCAL (RLIN)
Nota local BATCH-UPD
Procedencia (VM) [OBSOLETO] 10
Condición del los carretes individuales (VM) [OBSOLETO] 20130110
-- UCH01
-- 0836
590 ## - NOTA LOCAL (RLIN)
Nota local BATCH-UPD
Procedencia (VM) [OBSOLETO] 10
Condición del los carretes individuales (VM) [OBSOLETO] 20130410
-- UCH01
-- 0514
590 ## - NOTA LOCAL (RLIN)
Nota local BATCH-UPD
Procedencia (VM) [OBSOLETO] 10
Condición del los carretes individuales (VM) [OBSOLETO] 20130914
-- UCH01
-- 0951
590 ## - NOTA LOCAL (RLIN)
Nota local CONVERSION
Procedencia (VM) [OBSOLETO] 10
Condición del los carretes individuales (VM) [OBSOLETO] 20130109
-- UCH01
-- 1334
650 04 - PUNTO DE ACCESO ADICIONAL DE MATERIA--TÉRMINO DE MATERIA
Término de materia o nombre geográfico como elemento de entrada Álgebra lineal.
9 (RLIN) 82392
650 04 - PUNTO DE ACCESO ADICIONAL DE MATERIA--TÉRMINO DE MATERIA
Término de materia o nombre geográfico como elemento de entrada Cálculo de variaciones.
9 (RLIN) 23992
650 04 - PUNTO DE ACCESO ADICIONAL DE MATERIA--TÉRMINO DE MATERIA
Término de materia o nombre geográfico como elemento de entrada Ecuaciones diferenciales.
9 (RLIN) 35306
650 04 - PUNTO DE ACCESO ADICIONAL DE MATERIA--TÉRMINO DE MATERIA
Término de materia o nombre geográfico como elemento de entrada Probabilidad.
9 (RLIN) 91685
650 14 - PUNTO DE ACCESO ADICIONAL DE MATERIA--TÉRMINO DE MATERIA
Término de materia o nombre geográfico como elemento de entrada Cálculo.
9 (RLIN) 23990
901 ## - ELEMENTOS DE DATOS A LOCAL LDA (RLIN)
a BK
942 ## - ELEMENTOS DE PUNTO DE ACCESO ADICIONAL (KOHA)
Tipo de ítem Koha Libro
949 ## - PROCESAMIENTO DE INFORMACIÓN LOCAL (OCLC)
a 517 A6Y 1973
b BC
c LIBRO
d 33724000144531
e LIBRO
f v.2c.2
h 39335
i 69566
s i
949 ## - PROCESAMIENTO DE INFORMACIÓN LOCAL (OCLC)
a 517 A6Y 1973
b BC
c LIBRO
d 33724000144556
e LIBRO
f v.1
h 39331
i 69566
s i
949 ## - PROCESAMIENTO DE INFORMACIÓN LOCAL (OCLC)
a 517 A6Y 1973
b BC
c LIBRO
d 33724000947479
e LIBRO
f v.2c.3
h 39336
i 69566
s i
949 ## - PROCESAMIENTO DE INFORMACIÓN LOCAL (OCLC)
a 517 A6Y 1973
b BC
c LIBRO
d 33724002048462
e LIBRO
f v.2
g I.c/e
h 39334Rep.
i 69566
s i
t $295.00
949 ## - PROCESAMIENTO DE INFORMACIÓN LOCAL (OCLC)
a 517 A6Y 1973
b BC
c LIBRO
d 33724002055223
e LIBRO
f v.1 c.2
g I.c/e
h 39332Rep.
i 69566
s i
t $295.00
Holdings
Estado de retiro Estado de pérdida Fuente del sistema de clasificación o colocación Estado dañado Restricciones de uso No para préstamo Código de colección Localización permanente Ubicación/localización actual Ubicación en estantería Fecha de adquisición Fuente de adquisición Información codificada de la localización en otra ubicación Total de préstamos Signatura topográfica completa Código de barras Fecha visto por última vez Número de copia Precio válido a partir de Tipo de ítem Koha Fecha del último préstamo Renovaciones totales
    Dewey Decimal Classification   Préstamo 15 días   General Biblioteca Central Biblioteca Central Planta alta - Colección General 31/12/2019 I.c/e LIBRO   517 A6Y 1973 33724000144531 31/12/2019 v.2 c.2 31/12/2019 Libro    
    Dewey Decimal Classification   Préstamo 15 días   General Biblioteca Central Biblioteca Central Planta alta - Colección General 31/12/2019 I.c/e   3 517 A6Y 1973 v.1 33724002569017 10/04/2026   31/12/2019 Libro 17/03/2026  
    Dewey Decimal Classification   Préstamo 15 días   General Biblioteca Central Biblioteca Central Planta alta - Colección General 31/12/2019   LIBRO 3 517 A6Y 1973 33724002531389 22/04/2025 v.2 c.3 31/12/2019 Libro 24/02/2025  
    Dewey Decimal Classification   Préstamo 15 días   General Biblioteca Central Biblioteca Central Planta alta - Colección General 31/12/2019   LIBRO 2 517 A6Y 1973 33724002048462 17/07/2023 v.2 31/12/2019 Libro 22/06/2023 2
    Dewey Decimal Classification   Préstamo 15 días   General Biblioteca Central Biblioteca Central Planta alta - Colección General 31/12/2019   LIBRO 4 517 A6Y 1973 33724002055223 27/10/2025 v.1 c.2 31/12/2019 Libro 10/10/2025 3